000 01932nam0a2200373 4500
001 RU\NLR\BIBL_A\021959050
005 20260406105327.0
021 _aRU
_b97-45583
035 _a(NLR Aleph) 021959050
090 _a12312182
_c12312182
100 _a20230607d1997 |||y0rusy50 ca
101 0 _arus
_deng
102 _aRU
105 _aa z 000 y
181 0 _ai
_baxxe
182 0 _an
200 1 _aНаблюдение динамики неоднородностей магнитного потока в Y-Ba-Cu-O-керамике методом нейтронного спин-эхо
_fВ.Т. Лебедев, Г.П. Гордеев, Д. Торок, А.И. Сибилев
203 _aТекст
_bвизуальный
_cнепосредственный
210 _aГатчина
_cПИЯФ
_d1997
215 _a13 с.
_cил.
_d20
225 1 _aПрепринт
_fРоссийская академия наук, Петербургский институт ядерной физики им. Б.П. Константинова
_v2180
_x55-37-1997
300 _aРезюме на англ. яз.
320 _aБиблиогр.: с. 7-10
606 1 _aКерамические материалы сверхпроводящие
_xИсследование
_xНейтронографические методы
_91322078
_3RU\NLR\AUTH\66549210
686 1 _aЛ428.716
701 1 _8rus
_7ca
_aЛебедев
_bВ. Т.
_cд-р физ.-мат. наук
_gВасилий Тимофеевич
_3RU\NLR\AUTH\7732419
_915427
701 1 _aГордеев
_bГ. В.
701 1 _aТорок
_bД.
701 1 _aСибилев
_bА. И.
_gАркадий Иванович
712 0 2 _4475
_aСанкт-Петербургский институт ядерной физики им. Б. П. Константинова
_3RU\NLR\AUTH\884247
_9279908
852 _aNLR
_j98-4/6350
942 _cBOOK
980 _aNB